[Event "Harlingen"]
[Site "Harlingen"]
[Date "1991.??.??"]
[Round "1"]
[White "Kortschnoj, Viktor"]
[Black "Winants, Luc"]
[Result "1-0"]
[WhiteElo "2615"]
[BlackElo "2505"]
[PlyCount "131"]
[EventDate "1991.??.??"]
[Source "ChessBase"]

1. d4 Nf6 2. c4 e6 3. Nc3 Bb4 4. e3 O-O 5. Nf3 d5 6. a3 Bxc3+ 7. bxc3 b6 8. cxd5 exd5 9. a4 c5 10. Bd3 Ba6 11. Ba3 Bxd3 12. Qxd3 c4 13. Qf5 Re8 14. Ne5 Qc7 15. f3 Nc6 16. Nxc6 Qxc6 17. Bc1 a6 18. h4 b5 19. h5 bxa4 20. Qc2 Qd6 21. Kf2 g6 22. hxg6 fxg6 23. Ba3 Qe6 24. Rhe1 Ra7 25. Rab1 Rf7 26. Kg1 g5 27. g4 h5 28. gxh5 Nxh5 29. Qh2 Qg6 30. Qh3 g4 31. Qxg4 Qxg4+ 32. fxg4 Nf6 33. Bd6 Nxg4 34. Bf4 Re6 35. Kg2 Rg6 36. Kf3 Nf6 37. Rb6 Kg7 38. Be5 Kf8 39. Bf4 Kg7 40. Ra1 Ne4 41. Rxg6+ Kxg6 42. Rxa4 Rf6 43. Ra3 Kf5 44. Ra5 Nxc3 45. e4+ Kg6 46. exd5 Nb5 47. Ke4 c3 48. Be5 c2 49. Ra1 Rb6 50. Kd3 Na3 51. Bf4 Kf5 52. Rxa3 Kxf4 53. Rc3 Rd6 54. Rxc2 Rxd5 55. Rf2+ Kg3 56. Rf8 a5 57. Ke4 Rd7 58. Ra8 Re7+ 59. Kf5 Rh7 60. d5 Rh5+ 61. Ke6 Rh6+ 62. Kd7 Kf4 63. Rxa5 Rh7+ 64. Kc6 Ke5 65. d6+ Ke6 66. Ra1 1-0

[Event "34. Olympiad"]
[Site "?"]
[Date "2000.11.02"]
[Round "6"]
[White "Lesiege Alexandre"]
[Black "Mitkov Nikola"]
[Result "1/2-1/2"]
[WhiteElo "2584"]
[BlackElo "2532"]
[PlyCount "77"]
[EventDate "2000.??.??"]
[Source "www.chesslib.no"]
[SourceDate "2004.05.04"]

1. d4 Nf6 2. c4 e6 3. Nc3 Bb4 4. Nf3 d5 5. e3 O-O 6. Bd3 Nc6 7. O-O a6 8. a3 dxc4 9. Bxc4 Bd6 10. h3 h6 11. e4 e5 12. Be3 b5 13. Ba2 Bb7 14. Re1 exd4 15. Bxd4 Nxd4 16. Qxd4 c5 17. Qd2 Re8 18. Rad1 Bc7 19. Qe3 Qe7 20. Bd5 Bxd5 21. Nxd5 Nxd5 22. Rxd5 c4 23. Nd4 Bb6 24. Nf5 Bxe3 25. Nxe7+ Rxe7 26. Rxe3 Kf8 27. a4 b4 28. Kf1 Rc7 29. Ke2 c3 30. bxc3 bxc3 31. Rd1 Rb8 32. Rc1 Rb2+ 33. Ke1 c2 34. Kd2 Ra2 35. Rc3 Rxc3 36. Kxc3 Rxa4 37. f3 Ra5 38. Kc4 Ra2 39. Kd4 1/2-1/2

[Event "Olimpiadi 2008 - open"]
[Site "Dresda GER"]
[Date "2008.11.22"]
[Round "9"]
[White "Peralta, Fe"]
[Black "Kulaots, K."]
[Result "0-1"]
[WhiteElo "2557"]
[BlackElo "2556"]
[PlyCount "69"]
[EventDate "2008.11.13"]
[Source "www.chesslib.no"]
[SourceDate "2004.05.04"]

1. d4 Nf6 2. c4 e6 3. Nc3 Bb4 4. e3 O-O 5. Nf3 d5 6. a3 Be7 7. Bd3 c5 8. O-O Nc6 9. dxc5 Bxc5 10. b4 Bd6 11. Bb2 dxc4 12. Bxc4 Qe7 13. Qc2 Bd7 14. Rfd1 Ne5 15. Ne4 Nxf3+ 16. gxf3 Nxe4 17. Qxe4 Bc6 18. Qg4 e5 19. Bd5 Ba4 20. Rdc1 Kh8 21. Kh1 Rad8 22. e4 f6 23. Rg1 Bd7 24. Qg3 Be8 25. Bc1 Rc8 26. Be3 b6 27. Rg2 Bc6 28. Ba2 f5 29. Bg5 Qd7 30. Rag1 fxe4 31. Bh6 g6 32. Bxf8 Rxf8 33. Qg4 Qxg4 34. Rxg4 e3 35. fxe3 0-1

[Event "Mind Sports Games - Rapid Team"]
[Site "Pechino CINA"]
[Date "2008.10.15"]
[Round "5"]
[White "Stefansson, H."]
[Black "Perelshteyn, E."]
[Result "1/2-1/2"]
[WhiteElo "2575"]
[BlackElo "2536"]
[PlyCount "73"]
[EventDate "2008.10.14"]
[Source "www.chesslib.no"]
[SourceDate "2004.05.04"]

1. d4 Nf6 2. c4 e6 3. Nf3 d5 4. Nc3 Bb4 5. e3 O-O 6. a3 Bxc3+ 7. bxc3 b6 8. cxd5 exd5 9. a4 Re8 10. Ne5 Nfd7 11. Nxd7 Qxd7 12. Bb5 c6 13. Bd3 Ba6 14. O-O Bxd3 15. Qxd3 Qe6 16. Ba3 Nd7 17. Rac1 Nf6 18. c4 Rac8 19. Rc2 h5 20. Rfc1 Ne4 21. f3 Nf6 22. Kf2 h4 23. c5 Nd7 24. Rc3 bxc5 25. Bxc5 Nxc5 26. Rxc5 Qd6 27. Kg1 Re6 28. e4 dxe4 29. fxe4 Rd8 30. d5 cxd5 31. Qxd5 Qb6 32. Qxd8+ Qxd8 33. Rc8 Qxc8 34. Rxc8+ Kh7 35. Rc7 Rxe4 36. Rxa7 Kg6 37. a5 1/2-1/2

[Event "AUT-chT2W 9697"]
[Site "Austria"]
[Date "1996.??.??"]
[Round "3"]
[White "Stangl, Markus"]
[Black "Schlosser, Philipp"]
[Result "1/2-1/2"]
[WhiteElo "2565"]
[BlackElo "2540"]
[PlyCount "29"]
[EventDate "1996.??.??"]
[Source "www.chesslib.no"]
[SourceDate "2004.05.04"]

1. d4 Nf6 2. c4 e6 3. Nc3 Bb4 4. e3 O-O 5. Nf3 d5 6. Bd3 a5 7. O-O dxc4 8. Bxc4 Nbd7 9. Qe2 b6 10. d5 Bxc3 11. dxe6 Ne5 12. bxc3 Nxf3+ 13. Qxf3 Bxe6 14. Bxe6 fxe6 15. e4 1/2-1/2

[Event "Tilburg"]
[Site "?"]
[Date "1992.??.??"]
[Round "?"]
[White "Smyslov, V."]
[Black "Serper, G."]
[Result "1/2-1/2"]
[WhiteElo "2530"]
[BlackElo "2575"]
[PlyCount "130"]
[EventDate "1992.??.??"]
[Source "ChessBase"]
[SourceDate "1992.10.01"]

1. d4 d5 2. c4 e6 3. Nc3 Bb4 4. e3 Nf6 5. a3 Be7 6. Nf3 O-O 7. b4 b6 8. cxd5 exd5 9. Bb2 c5 10. bxc5 bxc5 11. dxc5 Na6 12. Nd4 Bxc5 13. Be2 Nc7 14. O-O Bd7 15. Rc1 Rb8 16. Na4 Bxa4 17. Qxa4 Rxb2 18. Rxc5 Ne6 19. Nxe6 fxe6 20. Bd3 e5 21. Bf5 Qe7 22. Ra5 Rb7 23. Ra6 g6 24. Bh3 Ne4 25. Qc6 Nxf2 26. Qe6+ Kh8 27. Qxe7 Nxh3+ 28. gxh3 Rxf1+ 29. Kxf1 Rxe7 30. Rd6 d4 31. exd4 exd4 32. Rxd4 Re3 33. Ra4 Re7 34. Kf2 Kg7 35. Kf3 Kf6 36. h4 Kf5 37. Ra5+ Kf6 38. h5 gxh5 39. Rxh5 Kg6 40. Ra5 Kf6 41. Kf4 Kg6 42. a4 Rb7 43. Ra6+ Kh5 44. a5 Rf7+ 45. Kg3 Rg7+ 46. Kf3 Rf7+ 47. Ke3 Kg4 48. Ke4 h5 49. Rc6 Rf4+ 50. Ke3 Rf5 51. Ra6 Rf7 52. Rc6 Kh3 53. Rc2 Rf5 54. Ra2 h4 55. a6 Rf1 56. Ke4 Rg1 57. Kd5 Rg2 58. Rxg2 Kxg2 59. Kc6 Kxh2 60. Kb7 h3 61. Kxa7 Kg1 62. Kb8 h2 63. a7 h1=Q 64. a8=Q Qxa8+ 65. Kxa8 Kf2 1/2-1/2

[Event "Moscow-ch"]
[Site "Moscow"]
[Date "1982.??.??"]
[Round "15"]
[White "Balashov, Yuri S"]
[Black "Makarichev, Sergey"]
[Result "1/2-1/2"]
[WhiteElo "2595"]
[BlackElo "2505"]
[PlyCount "31"]
[EventDate "1982.02.??"]
[Source "ChessBase"]

1. d4 Nf6 2. c4 e6 3. Nc3 Bb4 4. e3 O-O 5. Nf3 d5 6. Be2 c5 7. cxd5 cxd4 8. exd4 exd5 9. O-O Bxc3 10. bxc3 Ne4 11. Bb2 b6 12. c4 Bb7 13. Re1 Nd7 14. Rc1 Re8 15. a4 Rc8 16. Bd3 1/2-1/2

[Event "It (open)"]
[Site "Sanxenxo (Spain)"]
[Date "2007.06.21"]
[Round "6"]
[White "Graf Alexander (GER)"]
[Black "Ramesh R B (IND)"]
[Result "1-0"]
[WhiteElo "2620"]
[BlackElo "2471"]
[PlyCount "95"]
[EventDate "2007.??.??"]
[Source "www.chesslib.no"]
[SourceDate "2004.05.04"]

1. d4 Nf6 2. c4 e6 3. Nc3 Bb4 4. e3 O-O 5. Nf3 d5 6. Bd2 b6 7. Be2 a6 8. O-O Bd6 9. cxd5 exd5 10. Ne5 Bb7 11. f4 c5 12. Be1 cxd4 13. exd4 Nc6 14. Kh1 b5 15. Bh4 Be7 16. Bf3 Na5 17. Qd3 Nc4 18. Rae1 Re8 19. Re2 Ne4 20. Bxe7 Rxe7 21. Nxe4 dxe4 22. Bxe4 Bxe4 23. Rxe4 Qd5 24. Re2 Rae8 25. Rfe1 Nxe5 26. fxe5 Qxa2 27. b3 Qa3 28. h3 Rd7 29. d5 Qc5 30. d6 g6 31. Qd2 Rc8 32. Qh6 Rf8 33. Re4 Qd5 34. Rh4 f6 35. e6 Re8 36. e7 Qf7 37. Rd4 Qxb3 38. Qf4 Qf7 39. Qc1 Qa2 40. Qc6 Qf2 41. Ree4 Qf5 42. Kh2 Kf7 43. Re1 a5 44. Rd5 Qf4+ 45. Kh1 Qf2 46. Rdd1 Qf5 47. Kg1 a4 48. Rd5 1-0

[Event "Russia (ch) 73/622"]
[Site "?"]
[Date "1998.??.??"]
[Round "?"]
[White "Lugovoi, Aleksei"]
[Black "Sokolov, Andrei"]
[Result "0-1"]
[WhiteElo "2525"]
[BlackElo "2565"]
[PlyCount "80"]
[EventDate "1998.??.??"]
[Source "ChessBase"]
[SourceDate "1998.06.01"]

1. d4 Nf6 2. c4 e6 3. Nc3 Bb4 4. e3 O-O 5. Nf3 d5 6. Be2 b6 7. O-O Bb7 8. a3 Bd6 9. cxd5 exd5 10. b4 Re8 11. Qb3 Ne4 12. a4 Nc6 13. Ba3 Re6 14. Rfd1 Rh6 15. g3 Qf6 16. Rf1 Qf5 17. Qxd5 Nxc3 18. Qxf5 Nxe2+ 19. Kg2 Ncxd4 20. exd4 Nxd4 21. Qd3 Bxf3+ 22. Qxf3 Nxf3 23. Kxf3 Rxh2 24. b5 Rh6 25. Rfd1 Rf6+ 26. Kg2 Bxa3 27. Rxa3 c6 28. Rd7 cxb5 29. axb5 h5 30. Rb7 Rc8 31. Rbxa7 Rc2 32. Rf3 Rxf3 33. Kxf3 Rc5 34. Rb7 Rxb5 35. Ke4 g6 36. Rb8+ Kg7 37. f3 Kf6 38. g4 hxg4 39. fxg4 Rb4+ 40. Kf3 Kg5 0-1

[Event "HUN-ch 53rd"]
[Site "Heviz"]
[Date "2003.05.12"]
[Round "1"]
[White "Berkes, Ferenc"]
[Black "Sax, Gyula"]
[Result "0-1"]
[WhiteElo "2578"]
[BlackElo "2511"]
[PlyCount "84"]
[EventDate "2003.05.12"]
[Source "ChessBase"]
[SourceDate "2003.09.25"]

1. d4 Nf6 2. c4 e6 3. Nc3 Bb4 4. e3 O-O 5. Bd3 d5 6. a3 dxc4 7. Bxc4 Bd6 8. Nf3 Nc6 9. e4 e5 10. d5 Ne7 11. O-O Ng6 12. Re1 h6 13. Bf1 a6 14. b4 Bg4 15. h3 Bd7 16. Be3 Nh7 17. Rc1 Qf6 18. g3 Qe7 19. Nd2 Ng5 20. h4 Nh7 21. Nc4 Nf6 22. h5 Nh8 23. Be2 Nh7 24. Bg4 Nf6 25. Bxd7 Qxd7 26. Kg2 Ne8 27. Na4 b5 28. Nc5 Qc8 29. Na5 f5 30. Ne6 Rf7 31. exf5 Rxf5 32. Nc6 Qd7 33. Qg4 Rf7 34. Qd1 Nf6 35. Bc5 e4 36. Qd4 Re8 37. Bxd6 Qxd6 38. Ne5 Rfe7 39. Nc6 Rd7 40. Ne5 Qxe6 41. Nxd7 Qxd7 42. Rc5 Nf7 0-1

[Event "II Open internazionale"]
[Site "Morelia MES"]
[Date "2007.02.17"]
[Round "5"]
[White "Gonzalez Zamora, J."]
[Black "Mitkov, N1."]
[Result "1/2-1/2"]
[WhiteElo "2526"]
[BlackElo "2551"]
[PlyCount "44"]
[EventDate "2007.02.15"]
[Source "www.chesslib.no"]
[SourceDate "2004.05.04"]

1. d4 Nf6 2. c4 e6 3. Nc3 Bb4 4. e3 O-O 5. Bd3 d5 6. Nf3 Nc6 7. O-O a6 8. a3 dxc4 9. Bxc4 Bd6 10. h3 h6 11. Qc2 e5 12. Rd1 Bd7 13. Ba2 Qc8 14. Nd5 Nxd5 15. Bxd5 exd4 16. exd4 Bf5 17. Qc3 Ne7 18. Bb3 c6 19. Ne5 Be6 20. Bc2 Bf5 21. Bb3 Be6 22. Bc2 Bf5 1/2-1/2

[Event "Dubai op"]
[Site "Dubai"]
[Date "2000.05.01"]
[Round "4"]
[White "Guseinov, Aidyn"]
[Black "Timoshenko, Georgy"]
[Result "1/2-1/2"]
[WhiteElo "2492"]
[BlackElo "2584"]
[PlyCount "50"]
[EventDate "2000.04.28"]
[Source "www.chesslib.no"]
[SourceDate "2004.05.04"]

1. d4 Nf6 2. c4 e6 3. Nc3 Bb4 4. e3 O-O 5. Bd3 d5 6. Nf3 Nc6 7. O-O a6 8. c5 b6 9. Na4 bxc5 10. dxc5 e5 11. a3 e4 12. Nd4 Nxd4 13. exd4 exd3 14. axb4 Bf5 15. Qf3 Be4 16. Qg3 Rb8 17. Bd2 Bg6 18. f3 Re8 19. Rfe1 Re2 20. Rxe2 dxe2 21. Qe5 Bd3 22. Qe3 Bb5 23. Nc3 Qd7 24. Nxb5 Qxb5 25. Ra5 Qe8 1/2-1/2

[Event "Frunze"]
[Site "Frunze KGZ"]
[Date "1988.??.??"]
[Round "?"]
[White "Dautov, Rustem"]
[Black "Kharitonov, Andrei Y"]
[Result "1/2-1/2"]
[WhiteElo "2525"]
[BlackElo "2550"]
[PlyCount "84"]
[EventDate "1988.05.??"]
[Source "www.chesslib.no"]
[SourceDate "2004.05.04"]

1. c4 Nf6 2. d4 e6 3. Nc3 Bb4 4. e3 O-O 5. Bd3 d5 6. a3 dxc4 7. Bxc4 Bd6 8. Nf3 Nbd7 9. e4 e5 10. d5 Qe7 11. O-O c6 12. dxc6 bxc6 13. Bg5 Nb6 14. Ba2 h6 15. Bh4 Bg4 16. h3 Bh5 17. Qe2 Nbd7 18. g4 Bg6 19. Bg3 Rfe8 20. Nh4 Nf8 21. Nf5 Bxf5 22. gxf5 Bc5 23. Kh2 Red8 24. Rg1 N8h7 25. Bh4 Rd4 26. Rg2 Qd7 27. Rag1 Bf8 28. Rg6 Kh8 29. Bxf6 fxg6 30. Bxe5 Rd2 31. Qe3 gxf5 32. Nd5 Bd6 33. Bxd6 Rxd5 34. exd5 Qxd6+ 35. Qg3 Qxg3+ 36. Kxg3 cxd5 37. Bxd5 Rd8 38. Rd1 Nf6 39. Bf3 Ne4+ 40. Kf4 Rxd1 41. Bxd1 Nxf2 42. Be2 g6 1/2-1/2

[Event "New York Open"]
[Site "Newark, NJ USA"]
[Date "1995.??.??"]
[Round "?"]
[White "Ivanov, Igor V"]
[Black "Hracek, Zbynek"]
[Result "0-1"]
[WhiteElo "2475"]
[BlackElo "2595"]
[PlyCount "68"]
[EventDate "1995.04.12"]
[Source "www.chesslib.no"]
[SourceDate "2004.05.04"]

1. d4 Nf6 2. c4 e6 3. Nc3 Bb4 4. e3 O-O 5. Bd3 d5 6. a3 dxc4 7. Bxc4 Bd6 8. Nf3 Nc6 9. e4 e5 10. d5 Ne7 11. Bg5 Ng6 12. Nh4 Nf4 13. Qf3 h6 14. Bxf6 Qxf6 15. g3 a6 16. Bf1 g6 17. Ng2 Nxd5 18. Qxf6 Nxf6 19. Ne3 Bc5 20. Ncd5 Nxd5 21. exd5 Bd4 22. Rb1 f5 23. Nc2 Bb6 24. Bc4 f4 25. Rd1 Kg7 26. Rd2 Bh3 27. Rg1 Rae8 28. g4 e4 29. Bf1 e3 30. fxe3 fxe3 31. Re2 Bxf1 32. Rxf1 Rxf1+ 33. Kxf1 Re4 34. h3 Kf6 0-1

[Event "It"]
[Site "It"]
[Date "1977.??.??"]
[Round "?"]
[White "Geller, Efim P"]
[Black "Spassov, Liuben D"]
[Result "1-0"]
[WhiteElo "2590"]
[BlackElo "2480"]
[PlyCount "83"]
[EventDate "1977.??.??"]
[Source "www.chesslib.no"]
[SourceDate "2004.05.04"]

1. d4 Nf6 2. c4 e6 3. Nc3 Bb4 4. e3 O-O 5. Nf3 d5 6. a3 Be7 7. Bd3 b6 8. cxd5 exd5 9. b4 a6 10. O-O Bb7 11. Qb3 Nbd7 12. a4 c6 13. a5 b5 14. Re1 Re8 15. e4 dxe4 16. Nxe4 Nxe4 17. Bxe4 Qc7 18. Bxh7+ Kf8 19. Ng5 Bxg5 20. Bxg5 Qd6 21. Qh3 Nf6 22. Bf5 Ng8 23. Qc3 f6 24. Bh4 Rxe1+ 25. Rxe1 Rd8 26. Rd1 Ne7 27. Bg3 Qd5 28. Bg4 Qe4 29. Bf3 Nd5 30. Qc5+ Qe7 31. Re1 Qxc5 32. bxc5 Bc8 33. Bd6+ Kf7 34. Bxd5+ cxd5 35. Re7+ Kg6 36. f3 Rd7 37. Re8 Bb7 38. Kf2 Kf7 39. Rf8+ Kg6 40. Ke3 Kh7 41. g4 Bc6 42. Rc8 1-0

[Event "New York op"]
[Site "New York"]
[Date "1998.03.19"]
[Round "6"]
[White "Graf, Alexander"]
[Black "Kaliksteyn, Alexander"]
[Result "1-0"]
[WhiteElo "2625"]
[BlackElo "2435"]
[PlyCount "65"]
[EventDate "1998.03.16"]
[Source "ChessBase"]
[SourceDate "1998.06.15"]

1. d4 d5 2. c4 e6 3. Nf3 Nf6 4. Nc3 Bb4 5. e3 O-O 6. a3 Bd6 7. c5 Be7 8. b4 Ne4 9. Nxe4 dxe4 10. Nd2 f5 11. Bc4 Bf6 12. Qb3 Nc6 13. Bxe6+ Bxe6 14. Qxe6+ Kh8 15. Qb3 Ne7 16. O-O Nd5 17. Bb2 Qd7 18. f3 Rae8 19. fxe4 fxe4 20. b5 Qe6 21. Rae1 Bg5 22. Bc1 c6 23. bxc6 bxc6 24. Qc4 h5 25. Kh1 g6 26. h3 Kg7 27. Rxf8 Rxf8 28. Qb3 Rf2 29. Qc2 Bxe3 30. Qxe4 Qxe4 31. Nxe4 Rf4 32. Bxe3 Rxe4 33. Bh6+ 1-0

[Event "Copenhagen Open 16th"]
[Site "Copenhagen DEN"]
[Date "1994.??.??"]
[Round "4"]
[White "Neverov, Valeriy"]
[Black "Stefansson, Hannes H"]
[Result "1/2-1/2"]
[WhiteElo "2530"]
[BlackElo "2525"]
[PlyCount "140"]
[EventDate "1994.06.??"]
[Source "www.chesslib.no"]
[SourceDate "2004.05.04"]

1. d4 Nf6 2. c4 e6 3. Nc3 Bb4 4. e3 O-O 5. Nf3 d5 6. Be2 c5 7. O-O Nc6 8. cxd5 exd5 9. dxc5 Bxc5 10. a3 Bb6 11. Na4 Bc7 12. b4 Bg4 13. Bb2 Ne4 14. Rc1 Qe7 15. b5 Bxf3 16. Bxf3 Qd6 17. g3 Ne5 18. Bxe5 Qxe5 19. Nc5 Nf6 20. Nd3 Qe7 21. Nb4 Bd6 22. Nxd5 Nxd5 23. Qxd5 Bxa3 24. Rc4 Rab8 25. Ra1 a6 26. b6 Bb2 27. Rb1 Be5 28. Rbc1 Qf6 29. Kg2 g6 30. Qa5 Rfe8 31. Bd5 Re7 32. Rc8+ Rxc8 33. Rxc8+ Kg7 34. Qc5 Qd6 35. Qxd6 Bxd6 36. e4 Bb4 37. Rc7 Kf8 38. Bxb7 Ba5 39. Rc8+ Kg7 40. Bxa6 Bxb6 41. Rb8 Bc7 42. Rb4 Bd6 43. Rd4 Bc5 44. Rd5 Ba7 45. Bd3 Rb7 46. Ra5 Bd4 47. Ra4 Bc5 48. Rc4 Ba7 49. h4 h5 50. e5 Rd7 51. Be2 Rb7 52. Bd3 Rd7 53. Be2 Rb7 54. Rf4 Re7 55. Re4 Rd7 56. Ra4 Rb7 57. Bf3 Re7 58. Bc6 Rc7 59. Bd5 Rd7 60. Bc6 Rc7 61. Bd5 Bb6 62. Rb4 Ba7 63. Bb3 Rd7 64. Ra4 Bc5 65. Rf4 Rb7 66. Bc4 Rc7 67. e6 f5 68. Bb3 Be7 69. Rf3 Kf6 70. Rd3 Rc6 1/2-1/2

[Event "Open"]
[Site "Cap d'Agde op"]
[Date "1994.??.??"]
[Round "?"]
[White "Graf, Alexander"]
[Black "Djuric, Stefan"]
[Result "1-0"]
[WhiteElo "2575"]
[BlackElo "2480"]
[PlyCount "89"]
[EventDate "1994.??.??"]
[Source "www.chesslib.no"]
[SourceDate "2004.05.04"]

1. d4 Nf6 2. c4 e6 3. Nc3 Bb4 4. e3 d5 5. a3 Be7 6. Nf3 O-O 7. Bd3 b6 8. O-O Bb7 9. cxd5 exd5 10. b4 a6 11. Qb3 Bd6 12. a4 Nc6 13. Ba3 a5 14. b5 Nb4 15. Bxb4 Bxb4 16. Ne5 Qe7 17. Rac1 Bd6 18. f4 Rad8 19. Be2 g6 20. Bf3 Kg7 21. Rc2 h5 22. Nd1 Qe6 23. Nf2 Rde8 24. Rfc1 Re7 25. Qd3 Rd8 26. g3 h4 27. g4 Ne4 28. g5 Bxe5 29. dxe5 Nxf2 30. Rxf2 c5 31. bxc6 Rc7 32. Qd4 Rxc6 33. Rxc6 Bxc6 34. Qxb6 Rc8 35. Rc2 Qh3 36. Bd1 d4 37. Qxd4 Bf3 38. e6+ Kh7 39. Qf6 Rxc2 40. Qxf7+ Kh8 41. Qf8+ Kh7 42. Qh6+ Kg8 43. Qxg6+ Kh8 44. Qf6+ Kg8 45. Qf7+ 1-0

[Event "EuTCh"]
[Site "Plovdiv"]
[Date "2003.10.18"]
[Round "7"]
[White "Flear, Glenn C"]
[Black "Mitkov, Nikola"]
[Result "0-1"]
[WhiteElo "2516"]
[BlackElo "2530"]
[PlyCount "120"]
[EventDate "2003.10.10"]
[Source "Roberto Alvarez"]
[SourceDate "2003.10.20"]

1. d4 Nf6 2. c4 e6 3. Nc3 Bb4 4. e3 O-O 5. Bd3 d5 6. Nf3 Nc6 7. O-O a6 8. h3 h6 9. Re1 dxc4 10. Bxc4 Bd6 11. e4 e5 12. Be3 b5 13. Bb3 Bb7 14. dxe5 Nxe5 15. Nd4 b4 16. Nd5 Nxd5 17. Bxd5 Bxd5 18. exd5 Qf6 19. Qc2 Rfe8 20. Rad1 Rad8 21. b3 Bf8 22. Nf5 Qg6 23. Kh1 Nd7 24. Bd4 Nf6 25. Rxe8 Rxe8 26. Bxf6 Qxf6 27. Kg1 Qe5 28. g3 g6 29. Ne3 h5 30. Qc4 Bh6 31. Nc2 Qf5 32. Kg2 Re4 33. Qxa6 h4 34. Qd3 Qe5 35. d6 cxd6 36. Qxd6 Qc3 37. Nd4 hxg3 38. Nf5 Bf8 39. Qxg3 Re2 40. Rd8 Qxg3+ 41. Nxg3 Rxa2 42. Ne4 Rb2 43. Rd3 Kg7 44. Kg3 Re2 45. Kf3 Rc2 46. Kg3 Be7 47. f3 f5 48. Nd2 Rc3 49. Rd7 Kf6 50. Kf2 Ke6 51. Rb7 Bg5 52. Rb6+ Kd5 53. Nf1 Rxb3 54. Rxg6 Bf4 55. Ng3 Rb2+ 56. Ne2 b3 57. Rb6 Bd6 58. Ke1 Bc5 59. Rb8 Kc4 60. Ng3 Bf2+ 0-1

[Event "Jurmala"]
[Site "Jurmala LAT"]
[Date "1978.??.??"]
[Round "8"]
[White "Knaak, Rainer F A"]
[Black "Gipslis, Aivars P"]
[Result "1/2-1/2"]
[WhiteElo "2520"]
[BlackElo "2525"]
[PlyCount "32"]
[EventDate "1978.??.??"]
[Source "www.chesslib.no"]
[SourceDate "2004.05.04"]

1. d4 Nf6 2. c4 e6 3. Nc3 Bb4 4. e3 O-O 5. Bd3 d5 6. Nf3 Nc6 7. O-O a6 8. cxd5 exd5 9. Ne5 Ne7 10. Qc2 g6 11. Ne2 Bd6 12. f4 Ne8 13. e4 f6 14. Bd2 c6 15. exd5 cxd5 16. Nf3 Qb6 1/2-1/2

[Event "XXIV Open"]
[Site "Cappelle La Grande FRA"]
[Date "2008.02.18"]
[Round "4"]
[White "Gulko, B."]
[Black "Zubarev, Al1"]
[Result "1-0"]
[WhiteElo "2550"]
[BlackElo "2491"]
[PlyCount "77"]
[EventDate "2008.02.16"]
[Source "www.chesslib.no"]
[SourceDate "2004.05.04"]

1. d4 Nf6 2. c4 e6 3. Nc3 Bb4 4. e3 O-O 5. Bd3 d5 6. a3 dxc4 7. Bxc4 Bd6 8. Nf3 Nc6 9. b4 e5 10. d5 Ne7 11. Bb2 a6 12. h3 b5 13. Bb3 Bb7 14. O-O e4 15. Ng5 Be5 16. Qc2 Nexd5 17. Ngxe4 Nxe4 18. Qxe4 Bxc3 19. Bxc3 Nxc3 20. Qxb7 Qd6 21. Qf3 a5 22. Bxf7+ Kh8 23. e4 axb4 24. axb4 Rxa1 25. Rxa1 Qxb4 26. e5 Qe7 27. e6 Na4 28. Qc6 Nb6 29. Qxb5 Nc8 30. Ra8 Nb6 31. Rxf8+ Qxf8 32. Be8 Qf6 33. Qc6 h6 34. Bf7 Qe7 35. Qb7 g5 36. Qb8+ Kg7 37. Qg8+ Kf6 38. Qh8+ Kf5 39. Qd4 1-0

[Event "Corr"]
[Site "?"]
[Date "1996.11.01"]
[Round "?"]
[White "Gefenas Vladas (LTU)"]
[Black "Carleton John Joseph (ENG)"]
[Result "1/2-1/2"]
[WhiteElo "2575"]
[BlackElo "2465"]
[PlyCount "55"]
[EventDate "1996.??.??"]
[Source "www.chesslib.no"]
[SourceDate "2004.05.04"]

1. d4 d5 2. c4 e6 3. Nc3 Nc6 4. Nf3 Bb4 5. e3 Nf6 6. Bd3 O-O 7. O-O a6 8. h3 h6 9. a3 dxc4 10. Bxc4 Bd6 11. e4 e5 12. Be3 b5 13. Ba2 Bb7 14. Re1 exd4 15. Bxd4 Nxd4 16. Qxd4 c5 17. Qd2 Bc7 18. Qc2 c4 19. Rad1 Qb8 20. Nd5 Bxd5 21. exd5 Bd6 22. Bb1 Qc7 23. Nd4 Rfe8 24. Nf5 Rxe1+ 25. Rxe1 Re8 26. Rxe8+ Nxe8 27. a4 Kf8 28. axb5 1/2-1/2

[Event "URS Ch sf"]
[Site "Severodonetsk"]
[Date "1982.??.??"]
[Round "?"]
[White "Kupreichik, Viktor D"]
[Black "Vitolins, Alvis"]
[Result "1/2-1/2"]
[WhiteElo "2570"]
[BlackElo "2470"]
[PlyCount "157"]
[EventDate "1982.??.??"]
[Source "www.chesslib.no"]
[SourceDate "2004.05.04"]

1. d4 Nf6 2. c4 e6 3. Nc3 Bb4 4. e3 O-O 5. Nf3 d5 6. a3 Bxc3+ 7. bxc3 b6 8. Bd3 Ba6 9. cxd5 Bxd3 10. Qxd3 Qxd5 11. O-O c5 12. Re1 c4 13. Qc2 Qe4 14. Qe2 Nbd7 15. Qxc4 Rfc8 16. Qb3 Qd5 17. Rb1 Ne4 18. Bd2 g5 19. Re2 g4 20. Ne1 Ndf6 21. f3 gxf3 22. gxf3 Nxd2 23. Rxd2 Kh8 24. Ng2 Qh5 25. c4 Rg8 26. e4 Rg6 27. Qe3 Rag8 28. Kh1 Rg3 29. Rf2 Qh3 30. Nf4 Qh6 31. Qd2 Nd7 32. Rd1 R3g5 33. e5 Nf8 34. Rg2 Rxg2 35. Nxg2 Qh3 36. Qf2 Ng6 37. Qg3 Qh6 38. d5 Nf8 39. Qf4 Qxf4 40. Nxf4 Rg5 41. Nd3 Nd7 42. f4 Rg8 43. h3 h6 44. Nf2 Nc5 45. Ng4 Ne4 46. Kh2 h5 47. Ne3 Rg3 48. Nf1 Rg8 49. Rd4 Nc3 50. d6 Kh7 51. Ng3 Kg6 52. Rd3 Na4 53. Ne4 Rd8 54. Nf6 Nc5 55. Rg3+ Kf5 56. Nxh5 Ke4 57. Rg4 Rh8 58. Nf6+ Kf3 59. Ng8 a5 60. Nf6 a4 61. Rg7 Kxf4 62. Ng4 Rf8 63. h4 Nd7 64. h5 Nxe5 65. Nxe5 Kxe5 66. d7 Kf6 67. h6 Rh8 68. Kg3 Ke7 69. h7 Kxd7 70. Rxf7+ Kd6 71. Kf4 Kc5 72. Ke5 Kxc4 73. Rf4+ Kb3 74. Rf3+ Kb2 75. Rh3 b5 76. Kf6 Rxh7 77. Rxh7 Kxa3 78. Ke5 Kb2 79. Rb7 1/2-1/2

[Event "73rd ch-UKR"]
[Site "Kharkiv"]
[Date "2004.08.24"]
[Round "1.1"]
[White "Alexandrova, Olga"]
[Black "Miroshnichenko, Evgenij"]
[Result "1/2-1/2"]
[WhiteElo "2423"]
[BlackElo "2615"]
[PlyCount "83"]
[EventDate "2004.08.03"]
[Source "Roberto Alvarez"]
[SourceDate "2004.09.06"]

1. d4 Nf6 2. c4 e6 3. Nc3 Bb4 4. e3 O-O 5. Bd3 d5 6. Nf3 a6 7. O-O Nbd7 8. a3 Be7 9. e4 dxe4 10. Nxe4 b6 11. Bf4 Bb7 12. Qe2 Nxe4 13. Bxe4 Bxe4 14. Qxe4 Bd6 15. Ne5 Bxe5 16. Bxe5 Nxe5 17. Qxe5 Qd6 18. Qxd6 cxd6 19. Rfc1 Rfc8 20. Kf1 Kf8 21. Ke2 Ke7 22. Rc3 h5 23. Rac1 Rab8 24. b4 a5 25. b5 a4 26. c5 bxc5 27. dxc5 Kd7 28. c6+ Kc7 29. Rb1 Kb6 30. Rc4 Ra8 31. Kd3 d5 32. Rcb4 e5 33. f4 f6 34. Rf1 exf4 35. Kd4 Ra5 36. Rc1 Re8 37. Kxd5 Ra7 38. Rxf4 Re5+ 39. Kd6 Rae7 40. c7 R7e6+ 41. Kd7 Re7+ 42. Kd6 1/2-1/2

[Event "Classics GM"]
[Site "Gausdal"]
[Date "2003.04.10"]
[Round "10"]
[White "Lugovoi, Aleksei"]
[Black "Kallio, Heikki"]
[Result "1-0"]
[WhiteElo "2563"]
[BlackElo "2470"]
[PlyCount "47"]
[EventDate "2003.04.03"]
[Source "Roberto Alvarez"]
[SourceDate "2003.04.28"]

1. d4 Nf6 2. c4 e6 3. Nc3 Bb4 4. e3 O-O 5. Bd3 d5 6. Nf3 Nbd7 7. a3 dxc4 8. Bxc4 Be7 9. e4 Nb6 10. Bd3 c5 11. dxc5 Bxc5 12. e5 Nfd5 13. Bxh7+ Kxh7 14. Ng5+ Kg6 15. Qc2+ f5 16. exf6+ Kxf6 17. Nce4+ Ke7 18. Qxc5+ Ke8 19. Nd6+ Kd7 20. Ndf7 Qe7 21. Qb5+ Kc7 22. Bf4+ Nxf4 23. Rc1+ Kb8 24. Qe5+ 1-0

[Event "7. Open"]
[Site "?"]
[Date "2005.05.28"]
[Round "9"]
[White "Malakhatko Vadim"]
[Black "Gonzalez Garcia Jose"]
[Result "1/2-1/2"]
[WhiteElo "2562"]
[BlackElo "2469"]
[PlyCount "28"]
[EventDate "2005.??.??"]
[Source "www.chesslib.no"]
[SourceDate "2004.05.04"]

1. d4 Nf6 2. Nf3 e6 3. c4 d5 4. Nc3 Bb4 5. e3 O-O 6. Bd2 c5 7. a3 Bxc3 8. bxc3 Nc6 9. Bd3 dxc4 10. Bxc4 Qc7 11. Qe2 e5 12. dxe5 Nxe5 13. Nxe5 Qxe5 14. f3 Be6 1/2-1/2